African systems of thought (Record no. 83816)
[ view plain ]
| 000 -LEADER | |
|---|---|
| fixed length control field | 00698nam a2200145 a 4500 |
| 008 - FIXED-LENGTH DATA ELEMENTS--GENERAL INFORMATION | |
| fixed length control field | 120416s1972 ||||||||||||||||| || u |
| 050 ## - LIBRARY OF CONGRESS CALL NUMBER | |
| Classification number | BL 2400 Int |
| 245 10 - TITLE STATEMENT | |
| Title | African systems of thought |
| 246 ## - | |
| -- | studies presented and discussed at the third ... |
| 260 ## - PUBLICATION, DISTRIBUTION, ETC. | |
| Place of publication, distribution, etc. | London |
| Name of publisher, distributor, etc. | Oxford University Press |
| Date of publication, distribution, etc. | 1972 |
| 300 ## - PHYSICAL DESCRIPTION | |
| Extent | viii, 392p. |
| 350 ## - | |
| -- | 0.00 |
| 995 ## - | |
| -- | MAIN LIBRARY OPEN ACCESS |
| -- | 0.00 |
| -- | 702278 |
| -- | CBU-MAIN LIBRARY (Kitwe) |
| -- | 2 |
| -- | 0.00 |
| -- | BL 2400 Int |
| -- | 2 |
| -- | AVAILABLE |
| -- | Jul 31, 2006 |
| -- | 001107 |
| -- | Main Library Open Access Collection |
| 995 ## - | |
| -- | ANNEX COLLECTION (Main Library) |
| -- | 0.00 |
| -- | 707486 |
| -- | CBU-MAIN LIBRARY (Kitwe) |
| -- | 1 |
| -- | 0.00 |
| -- | BL 2400 Int |
| -- | 1 |
| -- | AVAILABLE |
| -- | Jul 21, 2006 |
| -- | 001108 |
| -- | Annex Low-Usage Collection |
| 999 ## - | |
| -- | 83816 |
| -- | 83816 |
| Withdrawn status | Lost status | Source of classification or shelving scheme | Damaged status | Not for loan | Permanent Location | Current Location | Shelving location | Date acquired | Total Checkouts | Full call number | Barcode | Date last seen | Date last checked out | Copy number | Price effective from | Koha item type |
|---|---|---|---|---|---|---|---|---|---|---|---|---|---|---|---|---|
| CBU-MAIN LIBRARY, KITWE. | CBU-MAIN LIBRARY, KITWE. | 01/08/2024 | 1 | BL 2400 Int | 001107 | 07/24/2024 | 07/08/2024 | 1 | 01/08/2024 | MONOGRAPH | ||||||
| CBU-MAIN LIBRARY, KITWE. | CBU-MAIN LIBRARY, KITWE. | 01/08/2024 | BL 2400 Int | 001108 | 01/08/2024 | 2 | 01/08/2024 | MONOGRAPH |